00687nam a2200193Ia 4500001001000000003000500010008004100015010001100056040000900067100003100076245015700107260003200264300001000296502005300306650002900359650003400388650005300422710001800475Para_5847CHAP220125s1981 xx 000 0 und d a204331 cCHAP aLópez Guadarrama, Adàn aDetección de fuentes de resistencia a la antracnosis del frijol Colletotrichum lindemuthianum Sacc y Magn (Scribner) /c por Adón López Guadarrama aUruapan, Mich. :b el autor a53 h. aTesis (Ing. Agr. Fitomejoramiento) UMSHN (Mich.) aAntracnosis del frijol  aColletotrichum lindemuthianum aFrijol x variedades resistentes a enfermedades  aUMSHN (Mich.)